[Event "Lusaka PCZ Elite"]
[Site "Lusaka"]
[Date "2020.09.27"]
[Round "5"]
[White "Munenga, Douglas D"]
[Black "Luanja, Geoffrey"]
[Result "0-1"]
[WhiteElo "2317"]
[BlackElo "2239"]
[PlyCount "52"]
[EventDate "2020.09.25"]
[EventType "tourn"]
[EventRounds "6"]
[EventCountry "ZAM"]
[SourceTitle "EXT 2021"]
[Source "ChessBase"]
[SourceDate "2020.10.23"]
[SourceVersion "1"]
[SourceVersionDate "2020.10.23"]
[SourceQuality "1"]

1. e4 c5 2. Nf3 g6 3. d4 cxd4 4. Nxd4 Nf6 5. Nc3 d6 6. Be2 Bg7 7. 0-0 0-0 8. Kh1 Nc6 9. Be3 Bd7 10. Qd2 Rc8 11. Rad1 Na5 12. f3 Nc4 13. Bxc4 Rxc4 14. Nce2 a6 15. b3 Rc8 16. c4 b5 17. Rc1 e5 18. Nc2 bxc4 19. Qxd6 cxb3 20. axb3 Bb5 21. Qxd8 Rfxd8 22. Rfe1 Bf8 23. Bg5 Kg7 24. Ne3 Bxe2 25. Bxf6+ Kxf6 26. Nd5+ Kg7 0-1

[Event "Online Olym Div3 C"]
[Site "Chess.com INT"]
[Date "2020.08.07"]
[Round "1.2"]
[White "Luanja, Geoffrey"]
[Black "Khumnorkaew, Tupfah"]
[Result "0-1"]
[WhiteElo "2239"]
[BlackElo "2099"]
[PlyCount "92"]
[EventDate "2020.08.07"]
[EventType "team-tourn (rapid)"]
[EventRounds "9"]
[EventCountry "USA"]
[SourceTitle "CBM 198"]
[Source "ChessBase"]
[SourceDate "2020.10.31"]
[SourceVersion "1"]
[SourceVersionDate "2020.10.31"]
[SourceQuality "1"]
[WhiteTeam "Zambia"]
[BlackTeam "Thailand"]
[WhiteTeamCountry "ZAM"]
[BlackTeamCountry "THA"]

1. d4 Nf6 2. Bf4 e6 3. e3 d5 4. Nd2 c5 5. c3 Bd6 6. Bg3 0-0 7. Bd3 Nc6 8. Ngf3 b6 9. Ne5 Ne7 10. f4 Nf5 11. Bf2 Be7 12. g4 Nd6 13. Nc6 Qc7 14. Nxe7+ Qxe7 15. Bh4 Bb7 16. 0-0 Qe8 17. Bxf6 gxf6 18. Qf3 f5 19. Qh3 f6 20. gxf5 exf5 21. Rae1 Qd7 22. Nf3 Kh8 23. Nh4 Qg7+ 24. Kh1 Qg4 25. Bxf5 Qxh3 26. Bxh3 Rae8 27. Nf5 Nc4 28. b3 Nd2 29. Nd6 Nxf1 30. Nxe8 Nxh2 31. Nd6 Nf3 32. Rf1 Nd2 33. Rd1 Ne4 34. Nxe4 dxe4 35. dxc5 bxc5 36. c4 Kg7 37. Bf5 Rf7 38. Kg2 Kf8 39. Kf2 Ke8 40. Rh1 Bc6 41. Rxh7 Rxh7 42. Bxh7 Ke7 43. Bf5 a5 44. Ke2 Kf8 45. Kd2 Kg7 46. Be6 Be8 0-1

[Event "Online Olym Div3 C"]
[Site "Chess.com INT"]
[Date "2020.08.07"]
[Round "3.3"]
[White "Luanja, Geoffrey"]
[Black "Memeti, Kastriot"]
[Result "1/2-1/2"]
[WhiteElo "2239"]
[BlackElo "2129"]
[PlyCount "145"]
[EventDate "2020.08.07"]
[EventType "team-tourn (rapid)"]
[EventRounds "9"]
[EventCountry "USA"]
[SourceTitle "CBM 198"]
[Source "ChessBase"]
[SourceDate "2020.10.31"]
[SourceVersion "1"]
[SourceVersionDate "2020.10.31"]
[SourceQuality "1"]
[WhiteTeam "Zambia"]
[BlackTeam "Belgium"]
[WhiteTeamCountry "ZAM"]
[BlackTeamCountry "BEL"]

1. d4 e6 2. Bf4 c5 3. e3 Nf6 4. Nf3 d5 5. c3 Bd6 6. Bg3 Qc7 7. Nbd2 Nbd7 8. Bd3 0-0 9. Qc2 e5 10. dxe5 Nxe5 11. Nxe5 Bxe5 12. Nf3 Bxg3 13. hxg3 h6 14. Bf5 Re8 15. 0-0 b6 16. Bxc8 Raxc8 17. Rfd1 Rcd8 18. Qb3 Qc8 19. a4 Qb7 20. a5 b5 21. Qa3 Rc8 22. Rac1 Ne4 23. Nd2 a6 24. Nxe4 dxe4 25. Rd6 Rc6 26. Rcd1 Rec8 27. Rd7 R6c7 28. R7d5 b4 29. Qa4 bxc3 30. bxc3 Re7 31. Qc4 Qb5 32. Qxb5 axb5 33. Rd8+ Rxd8 34. Rxd8+ Kh7 35. Rb8 b4 36. cxb4 Ra7 37. Rb5 cxb4 38. Rxb4 Rxa5 39. Rxe4 Ra1+ 40. Kh2 Kg6 41. g4 f6 42. Kg3 Ra5 43. Re7 Rb5 44. f4 Ra5 45. Kf3 Rb5 46. Ra7 Rc5 47. Rd7 Ra5 48. Ke4 Rb5 49. Rd5 Rb4+ 50. Kf3 Ra4 51. e4 Ra3+ 52. Kf2 Kf7 53. Rd7+ Kf8 54. Rc7 Kg8 55. Rc5 Kf7 56. g5 hxg5 57. fxg5 Rb3 58. gxf6 gxf6 59. Rf5 Ke6 60. Rc5 Ra3 61. Ke2 Ke7 62. Rc6 Kf7 63. Rd6 Ke7 64. Rd3 Ra2+ 65. Kf3 Ke6 66. g3 Ra5 67. Kf4 Ra1 68. Rb3 Rf1+ 69. Rf3 Re1 70. Re3 Rf1+ 71. Rf3 Re1 72. Re3 Rf1+ 73. Rf3 1/2-1/2

[Event "Pretoria Capablanca IM"]
[Site "Pretoria"]
[Date "2018.05.01"]
[Round "9"]
[White "February, Jesse Nikki"]
[Black "Luanja, Geoffrey"]
[Result "0-1"]
[WhiteElo "1899"]
[BlackElo "2276"]
[PlyCount "90"]
[EventDate "2018.04.27"]
[EventType "tourn"]
[EventRounds "9"]
[EventCountry "RSA"]
[SourceTitle "CBM 184 Extra"]
[Source "ChessBase"]
[SourceDate "2018.06.28"]
[SourceVersion "1"]
[SourceVersionDate "2018.06.28"]
[SourceQuality "1"]

1. e4 c6 2. d4 d5 3. Nc3 dxe4 4. Nxe4 Bf5 5. Ng3 Bg6 6. Nf3 Nd7 7. h4 h6 8. h5 Bh7 9. Bd3 Bxd3 10. Qxd3 e6 11. Bd2 Ngf6 12. 0-0-0 Be7 13. Kb1 Qb6 14. Rhe1 0-0-0 15. c4 Rhe8 16. Bf4 Bb4 17. Re2 Qa6 18. Qb3 Bf8 19. Rc2 c5 20. d5 Bd6 21. Bxd6 Qxd6 22. Rcd2 exd5 23. cxd5 Nxh5 24. Nf5 Qf6 25. Qc2 Kb8 26. d6 Nf4 27. Ne7 Nxg2 28. Qb3 Nb6 29. a4 c4 30. Qa3 c3 31. Rd3 Nc4 32. Qxc3 Qxc3 33. bxc3 Nf4 34. Rd4 Rxd6 35. Nf5 Rb6+ 36. Ka1 Nb2 37. R1d2 Nbd3 38. R4xd3 Nxd3 39. Rxd3 g5 40. Ne3 Ra6 41. Rd4 Rf6 42. Nd2 Rxf2 43. Ng4 Rg2 44. Nxh6 Ree2 45. Ne4 Re1+ 0-1

[Event "Pretoria Capablanca IM"]
[Site "Pretoria"]
[Date "2018.04.28"]
[Round "4"]
[White "Fawole, John Oyeyemi"]
[Black "Luanja, Geoffrey"]
[Result "0-1"]
[WhiteElo "2211"]
[BlackElo "2276"]
[PlyCount "98"]
[EventDate "2018.04.27"]
[EventType "tourn"]
[EventRounds "9"]
[EventCountry "RSA"]
[SourceTitle "CBM 184 Extra"]
[Source "ChessBase"]
[SourceDate "2018.06.28"]
[SourceVersion "1"]
[SourceVersionDate "2018.06.28"]
[SourceQuality "1"]

1. d4 d5 2. Nf3 Nf6 3. c4 c6 4. Nbd2 Bf5 5. g3 e6 6. Bg2 Be7 7. 0-0 0-0 8. b3 a5 9. Bb2 a4 10. Ne5 b5 11. c5 Qc7 12. b4 Nbd7 13. Nxd7 Nxd7 14. f4 Nf6 15. h3 Rfd8 16. a3 Qd7 17. g4 Bg6 18. Qe1 Ne4 19. Nxe4 dxe4 20. e3 Qd5 21. Qe2 h6 22. Bc3 Bh4 23. f5 exf5 24. gxf5 Bxf5 25. Rxf5 Qxf5 26. Rf1 Qg5 27. Kh1 f5 28. Rg1 Qf6 29. Bf1 Rd5 30. Bg2 Rf8 31. Rf1 Qe7 32. Bb2 Bg3 33. Rg1 Qh4 34. Bf1 f4 35. exf4 Rxf4 36. Qg2 Rg5 37. Bc1 Rf2 38. Qxf2 Bxf2 39. Bxg5 hxg5 40. Rg4 Qh5 41. Kg2 Qf7 42. Rxe4 Qd5 43. Bd3 Bxd4 44. Kf3 Qf5+ 45. Ke2 Qf2+ 46. Kd1 Be3 47. Be2 Qg1+ 48. Kc2 Qc1+ 49. Kd3 Qg1 0-1

[Event "Port Elizabeth Pearson"]
[Site "Port Elizabeth"]
[Date "2018.03.15"]
[Round "6"]
[White "Luanja, Geoffrey"]
[Black "Silva, David Miguel Da"]
[Result "1/2-1/2"]
[WhiteElo "2300"]
[BlackElo "2279"]
[PlyCount "63"]
[EventDate "2018.03.12"]
[EventType "tourn"]
[EventRounds "9"]
[EventCountry "RSA"]
[EventCategory "2"]
[SourceTitle "CBM 183 Extra"]
[Source "ChessBase"]
[SourceDate "2018.04.19"]
[SourceVersion "1"]
[SourceVersionDate "2018.04.19"]
[SourceQuality "1"]

1. d4 Nf6 2. Bf4 e6 3. e3 d5 4. Nd2 c5 5. c3 Nc6 6. Ngf3 Bd6 7. Bg3 0-0 8. Bd3 b6 9. Ne5 Bb7 10. f4 Ne7 11. Qf3 Nf5 12. Bf2 Be7 13. Ng4 Ne8 14. h4 a5 15. a4 Qc8 16. Nh2 Nfd6 17. h5 Qc6 18. g4 Ne4 19. g5 cxd4 20. exd4 f5 21. Qe3 e5 22. Nhf3 exf4 23. Qxf4 Nc7 24. g6 h6 25. Ne5 Bd6 26. Ndf3 Qe8 27. 0-0 Ne6 28. Qh4 Be7 29. Qh2 Bd6 30. Bb5 Qd8 31. Bh4 Qc7 32. Rac1 1/2-1/2

[Event "Port Elizabeth Pearson"]
[Site "Port Elizabeth"]
[Date "2018.03.15"]
[Round "5"]
[White "Oatlhotse, Providence"]
[Black "Luanja, Geoffrey"]
[Result "1-0"]
[WhiteElo "2173"]
[BlackElo "2300"]
[PlyCount "85"]
[EventDate "2018.03.12"]
[EventType "tourn"]
[EventRounds "9"]
[EventCountry "RSA"]
[EventCategory "2"]
[SourceTitle "CBM 183 Extra"]
[Source "ChessBase"]
[SourceDate "2018.04.19"]
[SourceVersion "1"]
[SourceVersionDate "2018.04.19"]
[SourceQuality "1"]

1. d4 d5 2. c4 c6 3. Nc3 Nf6 4. Nf3 dxc4 5. e4 b5 6. e5 Nd5 7. a4 e6 8. Ng5 h6 9. Nge4 b4 10. Nb1 Ba6 11. Nbd2 c3 12. Nc4 Bxc4 13. Bxc4 cxb2 14. Bxb2 a5 15. 0-0 Be7 16. Qg4 g6 17. Rac1 Nd7 18. Rc2 Kf8 19. Bb3 Rc8 20. Rfc1 Nb8 21. g3 Kg7 22. h4 h5 23. Qf3 Qd7 24. Nc5 Qa7 25. Bxd5 exd5 26. e6 f6 27. Nd3 Bd6 28. Re1 Rce8 29. Kg2 Re7 30. Bc1 Rhe8 31. Qe3 Rh8 32. Qf3 Rhe8 33. Rce2 Qa6 34. Bf4 Bxf4 35. Nc5 Qc8 36. Qxf4 Qc7 37. Qf3 f5 38. Re5 Qd6 39. Qf4 Rf8 40. R1e3 Ree8 41. e7 Rf6 42. Qg5 Kf7 43. Qh6 1-0

[Event "Africa KCF Inv tt"]
[Site "Brakpan"]
[Date "2017.10.07"]
[Round "5.2"]
[White "Mwale, Joseph"]
[Black "Luanja, Geoffrey"]
[Result "1-0"]
[WhiteElo "2165"]
[BlackElo "2182"]
[PlyCount "75"]
[EventDate "2017.10.05"]
[EventType "team-tourn"]
[EventRounds "7"]
[EventCountry "RSA"]
[SourceTitle "CBM 181 Extra"]
[Source "ChessBase"]
[SourceDate "2017.12.12"]
[SourceVersion "1"]
[SourceVersionDate "2017.12.12"]
[SourceQuality "1"]
[WhiteTeam "RSA Inv III"]
[BlackTeam "Zambia"]
[WhiteTeamCountry "RSA"]
[BlackTeamCountry "ZAM"]

1. Nf3 d5 2. g3 Nf6 3. Bg2 Bf5 4. 0-0 e6 5. d4 Be7 6. c4 c6 7. Nc3 0-0 8. b3 h6 9. Bb2 Nbd7 10. Ne5 Qc7 11. Rc1 dxc4 12. Nxc4 Rad8 13. e4 Bh7 14. Qe2 Rfe8 15. e5 Nd5 16. Nxd5 exd5 17. Ne3 Qb6 18. f4 a5 19. Rf2 a4 20. bxa4 Ra8 21. Bxd5 cxd5 22. Nxd5 Qa5 23. Nc7 Qxa4 24. f5 Bg5 25. Re1 Rac8 26. Nxe8 Rxe8 27. e6 Nb6 28. exf7+ Kxf7 29. Qh5+ Kf8 30. Ba3+ Be7 31. f6 gxf6 32. Rxf6+ Kg8 33. Qf7+ Kh8 34. Bxe7 Qxd4+ 35. Rf2 Rxe7 36. Qxe7 Nd7 37. Qe8+ Bg8 38. Qg6 1-0

[Event "Africa KCF Inv tt"]
[Site "Brakpan"]
[Date "2017.10.06"]
[Round "2.2"]
[White "Luanja, Geoffrey"]
[Black "De Abreu, Roberto N"]
[Result "1-0"]
[WhiteElo "2182"]
[BlackElo "2142"]
[PlyCount "115"]
[EventDate "2017.10.05"]
[EventType "team-tourn"]
[EventRounds "7"]
[EventCountry "RSA"]
[SourceTitle "CBM 181 Extra"]
[Source "ChessBase"]
[SourceDate "2017.12.12"]
[SourceVersion "1"]
[SourceVersionDate "2017.12.12"]
[SourceQuality "1"]
[WhiteTeam "Zambia"]
[BlackTeam "SA Emerging Players"]
[WhiteTeamCountry "ZAM"]
[BlackTeamCountry "RSA"]

1. d4 Nf6 2. Bf4 c5 3. e3 e6 4. Nd2 d5 5. c3 Nc6 6. Ngf3 cxd4 7. exd4 Nh5 8. Be3 Bd6 9. Ne5 g6 10. Be2 Nxe5 11. dxe5 Bxe5 12. Bxh5 gxh5 13. Qxh5 Bg7 14. Nf3 Qc7 15. 0-0 e5 16. Rfe1 0-0 17. Rad1 Rd8 18. Bh6 f6 19. Rxd5 Be6 20. Rdd1 Bxa2 21. Nd2 Qf7 22. Qh4 Rd3 23. Ne4 Rad8 24. Ra1 Bd5 25. Bxg7 Kxg7 26. Ng3 Qg6 27. Rxe5 Rd7 28. Nh5+ Kf7 29. Nf4 Be4 30. Re7+ Kxe7 31. Nxg6+ Bxg6 32. Qb4+ Kf7 33. h4 a6 34. Re1 h5 35. Qb3+ Kg7 36. Qb4 Kf7 37. Qc5 Kg7 38. Re7+ Bf7 39. Rxd7 Rxd7 40. Qf5 Rd5 41. Qc8 Rb5 42. b4 a5 43. Qd7 Rd5 44. Qxb7 a4 45. Qa7 Rd1+ 46. Kh2 Ra1 47. b5 a3 48. b6 a2 49. c4 Rb1 50. Qxa2 Rxb6 51. Qa7 Rb2 52. Kg3 Rc2 53. c5 Kg6 54. Qe7 Rc3+ 55. f3 Rc1 56. c6 Bd5 57. Qe8+ Kg7 58. Qd7+ 1-0

[Event "Livingstone FIDE zt 4.3"]
[Site "Livingstone"]
[Date "2017.06.12"]
[Round "4"]
[White "Nyimbili, Dalington"]
[Black "Luanja, Geoffrey"]
[Result "1-0"]
[WhiteElo "2025"]
[BlackElo "2247"]
[PlyCount "135"]
[EventDate "2017.06.10"]
[EventType "swiss"]
[EventRounds "9"]
[EventCountry "ZAM"]
[SourceTitle "EXT 2020"]
[Source "ChessBase"]
[SourceDate "2019.10.17"]
[SourceVersion "1"]
[SourceVersionDate "2019.10.17"]
[SourceQuality "1"]

1. e4 c5 2. Nc3 Nc6 3. g3 g6 4. Bg2 Bg7 5. d3 e6 6. Nge2 Nge7 7. 0-0 0-0 8. h3 Rb8 9. a4 a6 10. Be3 Nd4 11. Qd2 d6 12. Rac1 Nec6 13. Nd1 Qa5 14. Nxd4 Qxd2 15. Bxd2 Nxd4 16. Ne3 Bd7 17. a5 Bc6 18. f4 Rfd8 19. Rf2 d5 20. e5 f6 21. exf6 Bxf6 22. Ng4 Bg7 23. Bc3 Rf8 24. Rcf1 h5 25. Ne5 Bxe5 26. fxe5 Nf5 27. Be1 Rfc8 28. Re2 Kg7 29. g4 hxg4 30. hxg4 Nh6 31. Bh4 d4 32. Bf6+ Kg8 33. Bxc6 bxc6 34. Rh2 Nf7 35. b3 Rb5 36. Kg2 c4 37. dxc4 Rxe5 38. Bxe5 Nxe5 39. Rfh1 Kg7 40. g5 Nf7 41. Rh7+ Kg8 42. Kg3 Rd8 43. R7h2 Kg7 44. Kf4 Rf8 45. Rg2 c5 46. Re1 Nh6+ 47. Ke5 Nf7+ 48. Ke4 Nd6+ 49. Kd3 Rf3+ 50. Kd2 Kf7 51. Re5 Rf5 52. Rge2 Rxe5 53. Rxe5 Ke7 54. Kd3 Nb7 55. Re1 Nxa5 56. Rf1 Nc6 57. Rf6 Kd6 58. Ke4 Ne5 59. Rf8 Nc6 60. Rg8 Nb4 61. Rxg6 Nxc2 62. Rf6 Ke7 63. Rf3 d3 64. Kxd3 Nd4 65. Ke4 a5 66. Rf2 e5 67. g6 Ne6 68. Kxe5 1-0

[Event "ZAM-ch op"]
[Site "Lusaka"]
[Date "2017.03.31"]
[Round "5"]
[White "Luanja, Geoffrey"]
[Black "Kabwe, Timothy"]
[Result "1-0"]
[WhiteElo "2197"]
[BlackElo "2159"]
[PlyCount "63"]
[EventDate "2017.03.29"]
[EventType "swiss"]
[EventRounds "9"]
[EventCountry "ZAM"]
[SourceTitle "EXT 2018"]
[Source "ChessBase"]
[SourceDate "2017.10.13"]
[SourceVersion "1"]
[SourceVersionDate "2017.10.13"]
[SourceQuality "1"]

1. d4 d5 2. Bg5 c5 3. dxc5 Nc6 4. c3 a5 5. e3 f6 6. Bh4 e5 7. Bd3 e4 8. Bc2 Bxc5 9. Bxe4 g5 10. Bxd5 Qb6 11. Bg3 Qxb2 12. Nd2 Nge7 13. Rb1 Qa3 14. Bb3 b5 15. Qh5+ Ng6 16. Qf3 Bd7 17. Qxf6 Rf8 18. Qxg5 Be7 19. Qxb5 Nce5 20. Qe2 Bc6 21. Bxe5 Nxe5 22. Qh5+ Ng6 23. Qxh7 Qd6 24. Ngf3 0-0-0 25. Qh3+ Rd7 26. Qe6 Qc5 27. Qxg6 Bxf3 28. Nxf3 Qxc3+ 29. Ke2 Kd8 30. Qb6+ Ke8 31. Qb8+ Rd8 32. Qb7 1-0

[Event "ZAM-ch op"]
[Site "Lusaka"]
[Date "2017.03.30"]
[Round "3"]
[White "Luanja, Geoffrey"]
[Black "Phiri, Richmond"]
[Result "1/2-1/2"]
[WhiteElo "2197"]
[BlackElo "2296"]
[PlyCount "58"]
[EventDate "2017.03.29"]
[EventType "swiss"]
[EventRounds "9"]
[EventCountry "ZAM"]
[SourceTitle "EXT 2018"]
[Source "ChessBase"]
[SourceDate "2017.10.13"]
[SourceVersion "1"]
[SourceVersionDate "2017.10.13"]
[SourceQuality "1"]

1. d4 Nf6 2. Nf3 d5 3. Bg5 Ne4 4. Bh4 c5 5. dxc5 Nc6 6. e3 Bg4 7. c3 Nxc5 8. Be2 Qb6 9. b3 e6 10. 0-0 Bd6 11. Nbd2 0-0 12. c4 Ne7 13. cxd5 exd5 14. Nd4 Bxe2 15. Qxe2 Ng6 16. Bg3 Bxg3 17. hxg3 Ne4 18. Nxe4 dxe4 19. Qg4 Rae8 20. Rac1 Qa5 21. Qd7 Re7 22. Qd6 Qh5 23. Rc7 Rxc7 24. Qxc7 Ne5 25. f3 exf3 26. gxf3 Qg5 27. Kf2 Re8 28. Qc3 h5 29. Qd2 Qf6 1/2-1/2

[Event "ZAM-ch op"]
[Site "Lusaka"]
[Date "2017.03.29"]
[Round "1"]
[White "Mosenya, Ndawana"]
[Black "Luanja, Geoffrey"]
[Result "0-1"]
[WhiteElo "2041"]
[BlackElo "2197"]
[PlyCount "88"]
[EventDate "2017.03.29"]
[EventType "swiss"]
[EventRounds "9"]
[EventCountry "ZAM"]
[SourceTitle "EXT 2018"]
[Source "ChessBase"]
[SourceDate "2017.10.13"]
[SourceVersion "1"]
[SourceVersionDate "2017.10.13"]
[SourceQuality "1"]

1. e4 c6 2. d4 d5 3. f3 dxe4 4. fxe4 e5 5. Nf3 exd4 6. Bc4 Qa5+ 7. c3 dxc3 8. Nxc3 b5 9. Bxf7+ Kxf7 10. Ne5+ Ke7 11. Qh5 Be6 12. Bg5+ Nf6 13. Ng6+ hxg6 14. Qxh8 b4 15. Bxf6+ gxf6 16. 0-0 Nd7 17. Ne2 Kf7 18. Qh7+ Bg7 19. Nf4 Nf8 20. Qh4 Qe5 21. Rad1 Kg8 22. Nxe6 Nxe6 23. Qg4 Nf8 24. Rd2 Re8 25. Rfd1 Qxe4 26. Qxe4 Rxe4 27. Rc2 f5 28. Rxc6 Bxb2 29. Rd8 Bd4+ 30. Kf1 Bb6 31. Rb8 Kf7 32. g3 Ne6 33. h4 f4 34. Rb7+ Kf6 35. g4 f3 36. g5+ Ke5 37. Re7 Kd5 38. Rc1 Rxh4 39. Rd7+ Ke4 40. Rc4+ Bd4 41. Ke1 Kd3 42. Rcxd4+ Nxd4 43. Rxa7 Rh2 44. Kf1 Nf5 0-1